000 00611nam a22001695i 4500
001 159899
003 ES-MaACL
005 20230906211849.0
008 980902s1888 sp |||| | spa d
040 _aCYL
_bspa
_cCYL
100 1 _aMolina y Rico, Joaquín.
_9130023
245 1 0 _aApuntes históricos de Segovia /
_cpor Joaquin Molina.
260 _a[Segovia] :
_b[s.n.],
_c1888 (
_fImp. Provincial)
300 _a[410], XVI p. ;
_c23 cm.
651 4 _aSegovia (Provincia)-
_vMisceláneas.
_9157759
852 _aES-MaACL
_jF-847
_z-- Enc. cartón
_z-- Posible duplicado CCPB000425614-X
_x-- Edic.: [377], XVI p.
999 _c159899
_d159899